| Tag |
First Indicator |
Second Indicator |
Subfields |
| LEADER |
00000cjm a2200000Ia 4500 |
| 001 |
in00002387621 |
| 005 |
20151109083122.0 |
| 006 |
m u |
| 007 |
sd fsngnn||||d |
| 008 |
010613s2001 cauzzn eng d |
| 020 |
|
|
|c $16.98
|
| 024 |
1 |
|
|a 728706300025
|
| 028 |
0 |
2 |
|a DRR 63000-2
|b Death Row
|
| 029 |
1 |
|
|a NZ1
|b 9278287
|
| 029 |
1 |
|
|a AU@
|b 000042222328
|
| 035 |
|
|
|a (OCoLC)ocm47122379
|
| 035 |
|
|
|a (OCoLC)47122379
|
| 040 |
|
|
|a UUC
|c UUC
|d OLN
|d VP@
|d TEF
|d TXA
|d UtOrBLW
|
| 049 |
|
|
|a TXAM
|
| 050 |
1 |
4 |
|a M1670.D72
|b C47 2001
|
| 082 |
0 |
4 |
|a 782.421649
|b D
|2 22
|
| 100 |
0 |
|
|a Dr. Dre,
|d 1965-
|
| 245 |
1 |
4 |
|a The chronic /
|c Dr. Dre featuring the Death Row Inmates.
|
| 264 |
|
1 |
|a Los Angeles, Calif. :
|b Death Row Recordings,
|c c1992.
|
| 264 |
|
4 |
|c ℗2001
|
| 300 |
|
|
|a 1 sound disc :
|b digital ;
|c 4 3/4 in.
|
| 336 |
|
|
|a performed music
|b prm
|2 rdacontent
|
| 337 |
|
|
|a audio
|b s
|2 rdamedia
|
| 338 |
|
|
|a audio disc
|b sd
|2 rdacarrier
|
| 500 |
|
|
|a Title from container.
|
| 500 |
|
|
|a "Parental advisory, explicit lyrics."
|
| 511 |
0 |
|
|a Rap music; Dr. Dre featuring Snoop Dog ; The D.O.C. ; Kurupt ; Jewell ; That Nigga Daz ; Rage ; RBX.
|
| 500 |
|
|
|a Produced by Dr. Dre.
|
| 518 |
|
|
|a Recorded at: Death Row Studios.
|
| 500 |
|
|
|a This is an enhanced CD, and it contains both full audio program and multimedia computer files.
|
| 500 |
|
|
|a Digitally remastered ; originally released in 1992.
|
| 500 |
|
|
|a Credits on container insert.
|
| 505 |
0 |
|
|a The chronic (intro) -- f--- wit Dre day (and everybody's celebratin') -- Let me ride -- The day the niggaz took over -- Nuthin' but a "g" thang -- Deeez nuuuts -- Lil' ghetto boy -- A nigga witta gun -- Rat-tat-tat-tat -- The $20 sack pyramid -- Lyrical gangbang -- High powered -- The doctor's office -- Stranded on death row -- The roach (The chronic outro) -- [Bonus]: Bitches ain't shit. Music video: Dre day.
|
| 538 |
|
|
|a Enhanced compact disc.
|
| 538 |
|
|
|a System requirements: Computer capable of running Quick-time movies ; sound card.
|
| 500 |
|
|
|a Sound recording.
|
| 650 |
|
0 |
|a Rap (Music)
|
| 650 |
|
0 |
|a Popular music
|y 1991-2000.
|
| 650 |
|
4 |
|a Enhanced compact discs.
|
| 650 |
|
0 |
|a Music videos
|v Software.
|
| 650 |
|
0 |
|a Rock videos
|v Software.
|
| 710 |
2 |
|
|a Death Row Inmates (Musical group),
|e performer.
|
| 948 |
|
|
|a cataloged
|b h
|c 2008/7/17
|d c
|e bhartsfi
|f 1:06:36 pm
|
| 994 |
|
|
|a C0
|b TXA
|
| 999 |
|
|
|a MARS
|
| 999 |
f |
f |
|s 57e3914e-0989-3b22-a4ec-2b543567429e
|i 7d3ea3bd-bcf1-3dc9-b659-4b25baf0bb5e
|t 0
|
| 952 |
f |
f |
|p ric
|a Texas A&M University
|b Rellis Campus
|c Joint Library Facility
|d Remote Storage
|t 0
|e M1670.D72 C47 2001
|h Library of Congress classification
|i audio -- audio disc
|m A14837152071
|
| 998 |
f |
f |
|a M1670.D72 C47 2001
|t 0
|l Remote Storage
|